000 00671pam a2200229 4500
005 20260322212015.0
008 data
010 _a 73012947
020 _a0156148501
020 _a9780156148504
040 _aDLC
_cDLC
_dDLC
050 1 0 _aPR6029.R8
_bBu16
_aPR6029.R8
082 0 0 _a823/.9/12
099 _aORWELG
100 1 _aOrwell, George,
_d1903-1950.
245 1 0 _aBurmese days;
_ba novel.
_cGeorge Orwell.
260 _aNew York,
_bHarcourt Brace Jovanovich
_c[1974, c1934]
300 _a287 p.
_c20 cm.
490 0 _aHarbrace paperbound library, HPL 62
856 4 2 _3Publisher description
_uhttp://www.loc.gov/catdir/description/har041/73012947.html
001 data
999 _c331
_d331